[Event "53rd Rilton Cup 2025-26"]
[Site "Stockholm SWE"]
[Date "2026.01.05"]
[Round "9.5"]
[White "Raczek, Krzysztof"]
[Black "Dotzer, Lukas"]
[Result "1/2-1/2"]
[WhiteTitle "IM"]
[BlackTitle "IM"]
[WhiteElo "2489"]
[BlackElo "2478"]
[WhiteFideId "21005303"]
[BlackFideId "1666975"]
[EventDate "2025.12.27"]

1. d4 Nf6 2. c4 e6 3. Bf4 Bb4+ 4. Nd2 c5 5. dxc5 O-O 6. Nf3 Bxc5 7. e3 d5 8. Bd3
b6 9. O-O Bb7 10. Qe2 Nbd7 11. Rfd1 Qe7 12. cxd5 Nxd5 13. Bg5 f6 14. Bh4 Rfd8
15. a3 Rac8 16. Ne4 Qe8 17. Rac1 Be7 18. Rxc8 Rxc8 19. Bg3 f5 20. Nd6 Bxd6 21.
Bxd6 Nc5 22. Bb5 Qxb5 23. Qxb5 Ba6 24. Qxc5 bxc5 25. Rc1 c4 26. Be5 Bb7 27. Nd4
Nb6 28. Nxe6 Re8 29. Nc5 Rxe5 30. Nxb7 Rb5 31. h4 Rxb2 32. Nd6 Ra2 33. Nxc4 Nxc4
34. Rxc4 Rxa3 35. Rc5 g6 36. Rc7 h5 37. Kh2 Ra4 38. Kg3 Rg4+ 39. Kh3 Ra4 40. Kg3
Rg4+ 41. Kh3 Ra4 1/2-1/2

[Event "53rd Rilton Cup 2025-26"]
[Site "Stockholm SWE"]
[Date "2026.01.05"]
[Round "9.6"]
[White "Sai, Krishna G V"]
[Black "Meshkovs, Nikita"]
[Result "0-1"]
[WhiteTitle "IM"]
[BlackTitle "GM"]
[WhiteElo "2415"]
[BlackElo "2561"]
[WhiteFideId "5028280"]
[BlackFideId "11602740"]
[EventDate "2025.12.27"]

1. e4 c5 2. Nf3 a6 3. c4 e6 4. Nc3 Qc7 5. d4 cxd4 6. Nxd4 Nf6 7. Be2 b6 8. f4
Bb4 9. e5 Ne4 10. Qd3 d5 11. exd6 Nxd6 12. a3 Bc5 13. b4 Bxd4 14. Qxd4 Nf5 15.
Qf2 Nc6 16. Bb2 Ncd4 17. Bd3 Bb7 18. O-O-O a5 19. Kb1 axb4 20. axb4 h5 21. Ne2
Nxe2 22. Qxe2 Qxf4 23. Rhf1 Qe3 24. Rde1 Qxe2 25. Rxe2 O-O 26. Bxf5 exf5 27.
Rxf5 Rfe8 28. Rxe8+ Rxe8 29. Rxh5 Bxg2 30. Re5 Rc8 31. Rb5 Be4+ 32. Ka2 Rxc4 33.
Rxb6 Rc2 34. b5 Rxh2 35. Rb8+ Kh7 36. b6 Rh5 37. Bd4 Ra5+ 38. Kb3 Ra8 39. Be5 g5
40. Kc3 Kg6 41. Rh8 Rxh8 42. Bxh8 f5 43. Kd4 Bb7 44. Ke3 f4+ 45. Kf2 g4 46. Bc3
g3+ 47. Kf1 Kf5 48. Bb4 f3 49. Bc5 Ba6+ 50. Ke1 Kg4 51. Kd2 Kh3 0-1

[Event "53rd Rilton Cup 2025-26"]
[Site "Stockholm SWE"]
[Date "2026.01.05"]
[Round "9.7"]
[White "Horvath, Dominik"]
[Black "Sardana, Rishi"]
[Result "0-1"]
[WhiteTitle "GM"]
[BlackTitle "IM"]
[WhiteElo "2557"]
[BlackElo "2459"]
[WhiteFideId "1642561"]
[BlackFideId "25004301"]
[EventDate "2025.12.27"]

1. d4 Nf6 2. c4 e6 3. Nf3 Bb4+ 4. Bd2 Bxd2+ 5. Qxd2 d5 6. Nc3 O-O 7. Rd1 Qe7 8.
g4 Rd8 9. g5 Ne4 10. Qe3 Qb4 11. Bg2 Nd6 12. cxd5 Nc4 13. Qf4 Nxb2 14. Qxc7 Nc6
15. Rc1 exd5 16. O-O Be6 17. a3 Qb3 18. Nb1 Nc4 19. Qf4 Qb2 20. Rc3 Ne7 21. Nh4
Qxe2 22. Bf3 Qb2 23. Re1 Ng6 24. Nxg6 hxg6 25. Kg2 Nd6 26. Rc7 Ne4 27. Bxe4 dxe4
28. Nc3 Rxd4 29. Rb1 Qd2 30. Qxd2 Rxd2 31. Re1 Rd3 32. Rxe4 Bh3+ 33. Kg1 Rad8
34. Re1 R8d4 35. Ne2 Re4 36. Rcc1 Rxa3 0-1

[Event "53rd Rilton Cup 2025-26"]
[Site "Stockholm SWE"]
[Date "2026.01.05"]
[Round "9.8"]
[White "Jain, Kashish Manoj"]
[Black "Bauer, Christian"]
[Result "1/2-1/2"]
[WhiteTitle "IM"]
[BlackTitle "GM"]
[WhiteElo "2396"]
[BlackElo "2552"]
[WhiteFideId "35081098"]
[BlackFideId "603767"]
[EventDate "2025.12.27"]

1. e4 g6 2. d4 Bg7 3. Nf3 d6 4. Be2 Nf6 5. Nc3 a6 6. O-O O-O 7. Re1 e6 8. a4 Nc6
9. Bf1 e5 10. dxe5 dxe5 11. Nd5 h6 12. Bc4 Ne8 13. b3 Bg4 14. Ba3 Nd4 15. c3
Nxf3+ 16. gxf3 Bh5 17. Be7 Qc8 18. Be2 Qh3 19. Qd3 c6 20. Nb6 Nc7 21. Nxa8 Rxa8
22. Bf1 Qe6 23. Qd6 Re8 24. Qxe6 Nxe6 25. Ba3 Ng5 26. Bg2 Nxf3+ 27. Bxf3 Bxf3
28. Re3 Bg4 29. Rd3 Bf6 30. Bc5 Kg7 31. a5 Bd8 32. Kg2 Be6 33. c4 g5 34. f3 Kg6
35. Bb6 Bxb6 36. axb6 Kf6 37. c5 h5 38. b4 Rc8 39. Kf2 h4 40. Rg1 Rg8 41. Ke3
Ke7 42. Kd2 f6 43. Kc3 Rc8 44. Rd6 Rh8 45. Rgd1 Ra8 46. Ra1 Rc8 47. Kb2 Ra8 48.
Rad1 Rc8 49. Ka3 Ra8 50. Ka4 Rc8 51. Ka5 Bh3 52. R1d2 Be6 53. R2d3 Rg8 54. Rxc6
bxc6 55. Rd6 f5 56. exf5 Bxf5 57. b7 e4 58. fxe4 Bxe4 59. Rh6 Kf7 60. Kxa6 Kg7
61. Re6 Bd5 62. Re5 Bc4+ 63. Ka7 Kf6 64. Re4 Bd5 65. Re3 g4 66. b8=Q Rxb8 67.
Kxb8 g3 68. hxg3 h3 69. g4 h2 70. Rh3 h1=R 71. Rxh1 Bxh1 72. Kc7 Kg5 73. Kb6
Kxg4 74. b5 cxb5 75. Kxb5 Kf5 76. c6 Bxc6+ 1/2-1/2

[Event "53rd Rilton Cup 2025-26"]
[Site "Stockholm SWE"]
[Date "2026.01.05"]
[Round "9.9"]
[White "Seemann, Jakub"]
[Black "Hillarp Persson, Tiger"]
[Result "1/2-1/2"]
[WhiteTitle "GM"]
[BlackTitle "GM"]
[WhiteElo "2507"]
[BlackElo "2428"]
[WhiteFideId "21874697"]
[BlackFideId "1700812"]
[EventDate "2025.12.27"]

1. d4 Nf6 2. c4 e6 3. Nc3 Bb4 4. e3 O-O 5. a3 Bxc3+ 6. bxc3 Nc6 7. Bd3 e5 8. Ne2
e4 9. Bb1 Na5 10. f3 d6 11. Ng3 Be6 12. d5 Bd7 13. Nxe4 Nxe4 14. Bxe4 f5 15. Bd3
Qh4+ 16. g3 Qh3 17. Ra2 Rae8 18. Re2 b6 19. Rf1 Rf7 20. c5 dxc5 21. c4 Nb7 22.
Qc2 Nd6 23. Qc3 c6 24. Bb2 cxd5 25. cxd5 Qh6 26. Kd2 Bb5 27. Bxb5 Nxb5 28. Qc4
Nd6 29. Qf4 g5 30. Qa4 g4 31. fxg4 Re4 32. Qc6 Rxg4 33. Kd1 Qg6 34. Rf4 Re7 35.
Qa8+ Qe8 36. Rxg4+ fxg4 37. Qc6 Qxc6 38. dxc6 Nc4 39. Bc1 Rc7 40. Rf2 Rxc6 41.
Rf4 b5 42. Rxg4+ Kf7 43. Kc2 Rh6 44. h4 Rf6 45. Rg5 Rf2+ 46. Kd3 Rf1 47. Kc2
Rf2+ 48. Kd3 Rf1 49. Kc2 Rf2+ 1/2-1/2

[Event "53rd Rilton Cup 2025-26"]
[Site "Stockholm SWE"]
[Date "2026.01.05"]
[Round "9.10"]
[White "Sengupta, Deep"]
[Black "Daakshin, Arun"]
[Result "1-0"]
[WhiteTitle "GM"]
[BlackTitle "FM"]
[WhiteElo "2479"]
[BlackElo "2274"]
[WhiteFideId "5008352"]
[BlackFideId "366195016"]
[EventDate "2025.12.27"]

1. c4 e6 2. Nf3 d5 3. e3 Nf6 4. b3 Bd6 5. Bb2 O-O 6. Nc3 c5 7. cxd5 exd5 8. d4
Nc6 9. Bb5 Bg4 10. dxc5 Bxc5 11. O-O Bd6 12. Be2 a6 13. h3 Be6 14. Bd3 Rc8 15.
Ne2 Ne4 16. Rc1 Qd7 17. Nf4 Bxf4 18. exf4 Qc7 19. Ne5 Qa5 20. Nxc6 Rxc6 21. Rxc6
bxc6 22. Qh5 f5 23. Qe2 Qxa2 24. f3 Nc5 25. Bb1 Qxb3 26. Bd4 Qb4 27. Qe3 Re8 28.
Bxc5 Qa5 29. Bd3 1-0

[Event "53rd Rilton Cup 2025-26"]
[Site "Stockholm SWE"]
[Date "2026.01.05"]
[Round "9.11"]
[White "Cieslak, Patryk"]
[Black "Makkar, Rajat"]
[Result "1/2-1/2"]
[WhiteTitle "IM"]
[BlackTitle "IM"]
[WhiteElo "2477"]
[BlackElo "2396"]
[WhiteFideId "21078882"]
[BlackFideId "36016810"]
[EventDate "2025.12.27"]

1. e4 e5 2. Nf3 Nc6 3. Bc4 Nf6 4. d3 h6 5. c3 Bc5 6. b4 Be7 7. Qb3 O-O 8. a4 d6
9. O-O Nb8 10. Qa2 c6 11. Re1 a5 12. b5 Nbd7 13. bxc6 bxc6 14. Ba3 Nb6 15. Bb3
Ba6 16. d4 Qc7 17. Nbd2 c5 18. dxc5 dxc5 19. Nh4 Bd6 20. Nf5 Rfd8 21. Rab1 c4
22. Bxd6 cxb3 23. Qxb3 Rxd6 24. Nxd6 Qxd6 25. Qxb6 Qxd2 26. Qxa5 Ng4 27. Qb6
Qxc3 28. h3 Nf6 29. Rbc1 Qd4 30. Qc6 Ra7 31. Rcd1 Qb4 32. Rb1 Qa5 33. Rec1 Kh7
34. Rc5 Qd2 35. Rxe5 Bd3 36. Qc1 Qxc1+ 37. Rxc1 Rxa4 1/2-1/2

[Event "53rd Rilton Cup 2025-26"]
[Site "Stockholm SWE"]
[Date "2026.01.05"]
[Round "9.12"]
[White "Riehle, Marco"]
[Black "Blomqvist, Erik"]
[Result "1-0"]
[WhiteTitle "FM"]
[BlackTitle "GM"]
[WhiteElo "2363"]
[BlackElo "2490"]
[WhiteFideId "12904392"]
[BlackFideId "1709437"]
[EventDate "2025.12.27"]

1. e4 e6 2. d4 d5 3. exd5 exd5 4. Nf3 Nc6 5. Bd3 Nb4 6. O-O Nxd3 7. Qxd3 Bd6 8.
Bg5 Ne7 9. Re1 O-O 10. Nbd2 f6 11. Bh4 Nf5 12. Bg3 Nxg3 13. hxg3 c6 14. c4 Bc7
15. c5 a5 16. Re3 Re8 17. Rae1 Rxe3 18. Rxe3 a4 19. Nh4 b6 20. Nf5 bxc5 21. Ne7+
Kh8 22. dxc5 Bd7 23. Nf3 Qb8 24. Qc2 Qb4 25. a3 Qg4 26. Qd2 Qc4 27. Qd4 Rb8 28.
Qxc4 dxc4 29. Nd4 Rxb2 30. Nexc6 Bxc6 31. Nxc6 h5 32. Nb4 h4 33. Kf1 hxg3 34.
fxg3 Rb3 35. Ke2 Bxg3 36. c6 Bf4 37. Nd5 Bd6 38. Rxb3 axb3 39. Kd2 Be5 40. c7
c3+ 41. Kd3 Bxc7 42. Nxc7 1-0

[Event "53rd Rilton Cup 2025-26"]
[Site "Stockholm SWE"]
[Date "2026.01.05"]
[Round "9.13"]
[White "Ghasi, Ameet K"]
[Black "Yang, Zilong"]
[Result "1-0"]
[WhiteTitle "GM"]
[BlackTitle "FM"]
[WhiteElo "2500"]
[BlackElo "2386"]
[WhiteFideId "409200"]
[BlackFideId "8641528"]
[EventDate "2025.12.27"]

1. d4 Nf6 2. c4 e6 3. g3 c5 4. d5 exd5 5. cxd5 d6 6. Nc3 g6 7. Nf3 Bg7 8. Bg2
O-O 9. O-O Re8 10. Re1 Na6 11. Bf4 Nc7 12. e4 Bg4 13. h3 Bxf3 14. Bxf3 Bf8 15.
a4 Nd7 16. Qc2 Ne5 17. Be2 Bg7 18. Be3 Nd7 19. Rad1 a6 20. f4 Rb8 21. e5 dxe5
22. f5 Rf8 23. d6 Ne8 24. Rf1 Nef6 25. g4 g5 26. h4 h6 27. hxg5 hxg5 28. Bxg5
Qb6 29. Bxf6 c4+ 30. Kg2 Bxf6 31. Ne4 Rfc8 32. Rf3 Bd8 33. f6 Qc6 34. Rh1 Nxf6
35. Nxf6+ Bxf6 36. Qf5 Qxd6 37. g5 e4 38. Qh7+ Kf8 39. Rxf6 Qd5 40. Rf5 Qe6 41.
Rhf1 Rc7 42. Qh8+ 1-0

[Event "53rd Rilton Cup 2025-26"]
[Site "Stockholm SWE"]
[Date "2026.01.05"]
[Round "9.14"]
[White "Ritviz, Parab"]
[Black "Willow, Jonah B"]
[Result "1-0"]
[WhiteTitle "IM"]
[BlackTitle "IM"]
[WhiteElo "2369"]
[BlackElo "2473"]
[WhiteFideId "5073367"]
[BlackFideId "438804"]
[EventDate "2025.12.27"]

1. e4 c5 2. Nf3 g6 3. c3 d5 4. e5 a6 5. d4 Nc6 6. h3 Bf5 7. dxc5 Bg7 8. Bf4 f6
9. Nd4 Qd7 10. Nxf5 Qxf5 11. exf6 Nxf6 12. Be3 e5 13. Bd3 Qe6 14. Qb3 O-O 15.
Nd2 Kh8 16. O-O-O Qe7 17. Rhe1 Rad8 18. Kb1 Nh5 19. h4 Nf4 20. Bf1 Ne6 21. Nf3
Nxc5 22. Qa3 b6 23. Bg5 Qf7 24. Bxd8 Rxd8 25. Rd2 Bf8 26. b4 Ne4 27. Rxe4 dxe4
28. Ng5 Qf5 29. Rxd8 Nxd8 30. Qxa6 Qxf2 31. Qe2 Qxh4 32. Nxe4 Ne6 33. Kb2 Bh6
34. g3 Qd8 35. Qd3 Qf8 36. Bg2 Ng5 37. Qd6 Nxe4 38. Qxf8+ Bxf8 39. Bxe4 Bh6 40.
Kb3 Kg7 41. Ka4 Kf6 42. Kb5 Be3 43. a4 Ke7 44. Kc6 Kd8 45. c4 Kc8 46. c5 bxc5
47. b5 Bd2 48. Kxc5 h5 49. b6 1-0

[Event "53rd Rilton Cup 2025-26"]
[Site "Stockholm SWE"]
[Date "2026.01.05"]
[Round "9.15"]
[White "Avinash, Ramesh"]
[Black "Trost, Edvin"]
[Result "1/2-1/2"]
[WhiteTitle "IM"]
[BlackTitle "IM"]
[WhiteElo "2370"]
[BlackElo "2466"]
[WhiteFideId "45018340"]
[BlackFideId "1729519"]
[EventDate "2025.12.27"]

1. e4 c5 2. Nf3 Nc6 3. d4 cxd4 4. Nxd4 d5 5. Nxc6 bxc6 6. exd5 Qxd5 7. Qxd5 cxd5
8. Nc3 Nf6 9. Nb5 Kd7 10. c4 e6 11. cxd5 Bb4+ 12. Bd2 Bxd2+ 13. Kxd2 Nxd5 14.
Nc3 Nxc3 15. Kxc3 Bb7 16. f3 Rac8+ 17. Kd2 g5 18. Bd3 f5 19. Rac1 h5 20. Rxc8
Rxc8 21. h4 g4 22. Ke3 Ke7 23. Rd1 Kf6 24. b3 Bd5 25. fxg4 hxg4 26. g3 Ke5 27.
Rf1 a5 28. Kd2 Bf3 29. Bc4 Kf6 30. Ke3 e5 31. Rc1 Kg7 32. Rc2 Rd8 33. Be2 Bxe2
34. Kxe2 f4 35. gxf4 exf4 36. Rc5 f3+ 37. Ke1 Re8+ 38. Kf1 Kh6 39. Rg5 Re4 40.
Kf2 Re2+ 41. Kf1 Re4 42. Kf2 Rf4 43. Kf1 Rd4 44. Kf2 Rd2+ 45. Kf1 Rd1+ 46. Kf2
Rd2+ 47. Kf1 Rxa2 48. Rxg4 Rb2 49. Rg5 Rxb3 50. Rxa5 Rb4 51. h5 Rh4 52. Kf2 Rh3
53. Rf5 Rxh5 54. Rxh5+ Kxh5 55. Kxf3 1/2-1/2

[Event "53rd Rilton Cup 2025-26"]
[Site "Stockholm SWE"]
[Date "2026.01.05"]
[Round "9.16"]
[White "Rozentalis, Eduardas"]
[Black "Miezis, Normunds"]
[Result "1/2-1/2"]
[WhiteTitle "GM"]
[BlackTitle "GM"]
[WhiteElo "2461"]
[BlackElo "2375"]
[WhiteFideId "12800023"]
[BlackFideId "11600136"]
[EventDate "2025.12.27"]

1. e4 c5 2. c3 d5 3. exd5 Qxd5 4. d4 e6 5. Nf3 Nf6 6. Be3 cxd4 7. Qxd4 Qxd4 8.
Nxd4 a6 9. f3 e5 10. Nb3 Nc6 11. N1d2 Be7 12. Bc5 Rb8 13. Bd3 Be6 14. Bxe7 Kxe7
15. Ne4 Nxe4 16. Bxe4 Rhd8 17. Rd1 Rxd1+ 18. Kxd1 Rd8+ 19. Kc2 Bd5 20. Bxd5 Rxd5
21. Rd1 Rxd1 22. Kxd1 Kd6 23. Kd2 Kd5 24. Kd3 b5 25. Nd2 f5 26. b3 Kd6 27. Nf1
g6 28. Ne3 Ke6 29. a3 h5 30. h4 Kd6 1/2-1/2

[Event "53rd Rilton Cup 2025-26"]
[Site "Stockholm SWE"]
[Date "2026.01.05"]
[Round "9.17"]
[White "Zhalmakhanov, Ramazan"]
[Black "Moksh, Amit Doshi"]
[Result "1-0"]
[WhiteTitle "GM"]
[BlackTitle "IM"]
[WhiteElo "2454"]
[BlackElo "2363"]
[WhiteFideId "13706357"]
[BlackFideId "25064967"]
[EventDate "2025.12.27"]

1. c4 Nf6 2. Nc3 e5 3. e3 Bb4 4. Nge2 O-O 5. a3 Be7 6. d4 exd4 7. Qxd4 Na6 8.
Rb1 Nc5 9. b4 Ne6 10. Qd2 b6 11. Ng3 Bb7 12. Nd5 Re8 13. Be2 b5 14. Nf5 Bf8 15.
Bb2 Ne4 16. Qd3 Nd6 17. cxb5 Qg5 18. Nxd6 Bxd6 19. Bf3 Rab8 20. h4 Qh6 21. Kd2
Nf8 22. Rbc1 Bxd5 23. Bxd5 Ng6 24. Qf5 Ne5 25. Ke2 g6 26. Qf6 Rxb5 27. Bxe5 Qh5+
28. Kf1 Qxe5 29. Bxf7+ Kf8 30. Qf3 Re7 31. Bc4+ Kg7 32. Bxb5 Qxb5+ 33. Qe2 Qa4
34. Qd3 a5 35. bxa5 1-0

[Event "53rd Rilton Cup 2025-26"]
[Site "Stockholm SWE"]
[Date "2026.01.05"]
[Round "9.18"]
[White "Delgerdalai, Bayarjavkhlan"]
[Black "Baenziger, Fabian"]
[Result "1/2-1/2"]
[WhiteTitle "FM"]
[BlackTitle "IM"]
[WhiteElo "2376"]
[BlackElo "2451"]
[WhiteFideId "23727276"]
[BlackFideId "1330110"]
[EventDate "2025.12.27"]

1. e4 c5 2. Nf3 d6 3. d4 cxd4 4. Nxd4 Nf6 5. Nc3 a6 6. Bc4 e6 7. Bb3 b5 8. Be3
Be7 9. a3 O-O 10. Qe2 Bb7 11. f3 Nc6 12. Nxc6 Bxc6 13. O-O Qc7 14. Rfd1 Rfd8 15.
Qf2 Qb7 16. Qg3 a5 17. Bh6 g6 18. Ne2 a4 19. Ba2 b4 20. Nd4 Bd7 21. Bg5 bxa3 22.
bxa3 Nh5 23. Qh4 Bxg5 24. Qxg5 Qc7 25. Qe3 Qc5 26. c4 Rab8 27. Rab1 Rxb1 28.
Rxb1 Nf4 29. Kf2 e5 30. Nc2 Be6 31. g3 Nd3+ 32. Ke2 Qxe3+ 33. Nxe3 Nc5 34. Rb4
Kf8 35. Bb1 Ke7 36. Bc2 Ra8 37. Nd5+ Bxd5 38. cxd5 Kd7 39. Kd2 Kc7 40. Kc3 Rf8
41. Kd2 h5 42. Ke3 Rh8 43. h4 Rf8 44. f4 f6 45. Bd1 Rg8 46. Be2 Rg7 47. Bd1 1/2-1/2

[Event "53rd Rilton Cup 2025-26"]
[Site "Stockholm SWE"]
[Date "2026.01.05"]
[Round "9.19"]
[White "Hari, Madhavan N B"]
[Black "Dixit, Nikhil"]
[Result "0-1"]
[WhiteTitle "IM"]
[BlackTitle "IM"]
[WhiteElo "2363"]
[BlackElo "2392"]
[WhiteFideId "25054309"]
[BlackFideId "5059534"]
[EventDate "2025.12.27"]

1. d4 Nf6 2. c4 g6 3. f3 Bg7 4. e4 O-O 5. Nc3 d6 6. Nge2 a6 7. Be3 Nbd7 8. Qd2
b5 9. Bh6 e5 10. h4 b4 11. Nd5 Bxh6 12. Qxh6 c6 13. Nxb4 Qa5 14. Qd2 c5 15. Nd3
Qxd2+ 16. Kxd2 exd4 17. Nef4 a5 18. g4 Ne5 19. Nxe5 dxe5 20. Nd3 Nd7 21. Bh3 f6
22. g5 Nb6 23. b3 fxg5 24. Nxe5 gxh4 25. Bxc8 Raxc8 26. Rxh4 Rce8 27. f4 Re7 28.
Rah1 Nd7 29. Nd3 a4 30. e5 axb3 31. axb3 Ra8 32. Kc2 Ra2+ 33. Kb1 Rd2 34. R4h3
Rg2 35. R1h2 Rg1+ 36. Kc2 g5 37. Rh6 g4 38. e6 Nf8 39. f5 g3 40. Rh1 Rg2+ 41.
Kb1 Rd2 42. Nf4 Rb7 43. R6h4 d3 44. Rg4+ Ng6 45. Kc1 Rc2+ 46. Kd1 Rxb3 47. Nxd3
Rh2 48. Rxh2 gxh2 49. Nf2 Rb1+ 50. Ke2 Rb2+ 51. Ke3 Rxf2 52. fxg6 h1=Q 53. gxh7+
Kxh7 54. Kxf2 Qc6 55. e7 Qf6+ 0-1

[Event "53rd Rilton Cup 2025-26"]
[Site "Stockholm SWE"]
[Date "2026.01.05"]
[Round "9.20"]
[White "Johansson, Linus"]
[Black "Zielonka, Adam"]
[Result "1-0"]
[WhiteTitle "IM"]
[BlackTitle "FM"]
[WhiteElo "2415"]
[BlackElo "2348"]
[WhiteFideId "1711113"]
[BlackFideId "21002096"]
[EventDate "2025.12.27"]

1. d4 Nf6 2. c4 e6 3. Nc3 Bb4 4. e3 d5 5. a3 Bxc3+ 6. bxc3 c6 7. a4 O-O 8. Bd3
b6 9. cxd5 cxd5 10. Ne2 Ba6 11. f3 Bxd3 12. Qxd3 Qc8 13. e4 Qa6 14. Qe3 Nc6 15.
e5 Nd7 16. h4 f6 17. f4 fxe5 18. fxe5 Rf5 19. Ng3 Rf7 20. Qe2 Qxe2+ 21. Nxe2 Na5
22. h5 Nb3 23. Rb1 Nxc1 24. Rxc1 Rc8 25. Rf1 Rxf1+ 26. Kxf1 g5 27. Ke1 Rc4 28.
Ra1 Kg7 29. Kd2 Kh6 30. Ng3 Rc8 31. Rc1 Rc4 32. Rf1 Kg7 33. Ra1 Rc8 34. Nf1 Kh6
35. g4 Kg7 36. Ne3 Nb8 37. a5 b5 38. a6 Rc6 39. Rb1 Rb6 40. c4 dxc4 41. Nxc4
Rxa6 42. Rxb5 Nc6 43. Rb7+ Kg8 44. h6 Nxd4 45. Rg7+ Kh8 46. Re7 Kg8 47. Nd6 Nf3+
48. Ke2 1-0

[Event "53rd Rilton Cup 2025-26"]
[Site "Stockholm SWE"]
[Date "2026.01.05"]
[Round "9.21"]
[White "Kavutskiy, Kostya"]
[Black "Matsumura, Cocoro"]
[Result "1-0"]
[WhiteTitle "IM"]
[BlackTitle "CM"]
[WhiteElo "2354"]
[BlackElo "2124"]
[WhiteFideId "2026384"]
[BlackFideId "36087114"]
[EventDate "2025.12.27"]

1. Nf3 d5 2. g3 Nf6 3. Bg2 c5 4. O-O Nc6 5. d4 cxd4 6. Nxd4 e5 7. Nxc6 bxc6 8.
c4 Be6 9. Qa4 Qd7 10. Nc3 Rc8 11. cxd5 cxd5 12. Qxd7+ Kxd7 13. Bg5 d4 14. Rad1
Ke8 15. Bxf6 gxf6 16. Nd5 Bxd5 17. Bxd5 Bh6 18. f4 Ke7 19. fxe5 Be3+ 20. Kg2
fxe5 21. Rxf7+ Kd6 22. Be4 Rhf8 23. Rdf1 Rxf7 24. Rxf7 h6 25. Rxa7 Rf8 26. Ra6+
Kc5 27. Rc6+ Kb4 28. Rc2 Rf2+ 29. Kh3 h5 30. Bd3 h4 31. Rc4+ Ka5 32. Rc5+ Kb4
33. Rxe5 hxg3 34. hxg3 Rf1 35. a3+ Kb3 36. Rb5+ Ka2 37. a4 Rh1+ 38. Kg4 Rh8 39.
a5 Bf2 40. a6 Be1 41. Be4 Rg8+ 42. Rg5 1-0